Economic digest (Record no. 22751)

MARC details
000 -LEADER
fixed length control field 00593nam a22001577a 4500
005 - DATE AND TIME OF LATEST TRANSACTION
control field 20090131144922.0
008 - FIXED-LENGTH DATA ELEMENTS--GENERAL INFORMATION
fixed length control field 090124c xxu||||| |||| 00| 0 eng d
040 ## - CATALOGING SOURCE
Original cataloging agency dpl
245 ## - TITLE STATEMENT
Title Economic digest
Remainder of title for business executives
260 ## - PUBLICATION, DISTRIBUTION, ETC. (IMPRINT)
Place of publication, distribution, etc Mumbai
Name of publisher, distributor, etc Maharastra Economic Development Council
Date of publication, distribution, etc 2008-
300 ## - PHYSICAL DESCRIPTION
Extent v.
Dimensions 24 cm
310 ## - CURRENT PUBLICATION FREQUENCY
Current publication frequency monthly
270 ## - ADDRESS
Address 106, Nagindas Master road, Fort
City Mumbai
Postal code 400021
Telephone number 22818198
Electronic mail address medcbom@bom3.vsnl.net.in
942 ## - ADDED ENTRY ELEMENTS (KOHA)
Source of classification or shelving scheme Dewey Decimal Classification
Item type Periodicals
Classification part 330
Call number suffix MED
Serial record 1
Holdings
Withdrawn status Lost status Source of classification or shelving scheme Damaged status Not for loan Collection code Home library Current library Date acquired Total Checkouts Full call number Date last seen Price effective from Koha item type
    Dewey Decimal Classification   Not For Loan Non-fiction D.B.Act.Division D.B.Act.Division 31/01/2009   330 MED 31/01/2009 31/01/2009 Periodicals

© Delhi Public Library
Hit Counter
free hit counter